Statistics for The Little Mermaid (Disney)

Click here to take the quiz!

General Stats

  • This quiz has been taken 1,010 times
  • The average score is 13 of 27

Answer Stats

Hint Answer % Correct
MermaidAriel
99%
VillainUrsula
92%
PrinceEric
91%
Flounder
86%
Mermaid's friendsSebastian
84%
Under the Sea
78%
Mermaid's father and sistersKing Triton
75%
Part of Your World
71%
Part of Your World (finale)
71%
Part of Your World (reprise)
71%
Kiss the Girl
66%
Year of release1989
64%
Poor Unfortunate Souls
46%
EelsFlotsam
34%
Jetsam
34%
Alana
31%
Voice of ^Jodi Benson
30%
Adella
28%
Aquata
28%
Arista
28%
Attina
27%
Daughters of Triton
22%
SongsFathoms Below
18%
Andrina
17%
Les Poissons
14%
Theme park attractionThe Little Mermaid: Ariel's Undersea Adventure
3%
Vanessa's song
2%

Score Distribution

Percentile by Number Answered

Percent of People with Each Score

Your Score History

You have not taken this quiz